000 01063naa a22002897a 4500
001 BR6700230
003 BR-BrBNA
005 20240918173312.0
007 ta
008 230509b bl.||||| |||| 00| 0 por d
040 _aBR-BrBNA
_bpor
_cBiblioteca Nacional de Agricultura
041 _a(Pt)
072 _aF05
_b/G514
090 _aF05 BR6700230
100 1 _aBoekel, N.M. da C.
111 1 _aSimposio sobre a Biota Amazonica
_cBelem, PA (Brazil)
_d6 Jun 1966
245 1 _aTasmanaceas paleozoicas da Bacia amazonica e sua correlacao estratigrafica [Brasil]
260 3 _aRio de Janeiro, GB (Brasil):
_c1967.
500 _aAtas do Simposio sobre a Biota Amazonica. v. 1 - Geociencias Rio de Janeiro, GB (Brasil): 1967. p. 121-139 (BR6700230-AM)F05
650 _aBotanica
650 _aFlora
650 _aGeologia
650 _aBacia amazonica
773 0 _tAtas do Simposio sobre a Biota Amazonica. v. 1 - Geociencias
_wF05 BR6700230
_gRio de Janeiro, GB (Brasil), 1967. p. 121-139
909 _a202404
_bLucia
_c55
_dLucia Elande
942 _cAM
_2AGRIS
999 _c303849
_d303849